00661nam a2200193Ia 4500952013700000999001700137003000400154005001700158008004100175020001800216040000900234082002200243100002700265245005600292260004800348300000900396650001200405942005000417 00102ddc40708HISTORYaMESbMEScHISd2019-02-20g650.00l0o954.035092 HAS/Bp35762r2019-02-20 00:00:00w2019-02-20yBKzGL37R2 c21508d21508OSt20200625094148.0190216s9999||||xx |||||||||||||| ||und|| a9780198063322 coclc a954.035092bHAS/B aHasan, Mushirul 92560 0aBetween Modernity And Nationalism /cMushirul Hasan bOxford University Press,c2010.aNew Delhi: a267p aHistory cBK2ddch954.035092iHAS/Bk954.035092mHAS/B